1534 1157 1749 1282 1136 1061 1544 1184 1625 1800 1248 1777 1962 1702 1428 1674 1937 1341 1036 1252 1553 1775 1509 1755 1617 1832 1063 1622 1319 1202 1938 1710 1706 1559 1674 1917 1125 1324 1651 1768 1633 1132 1207 1722 1078 1273 1800 1891 1033 1248 1261 1934 1855 1020 1337 1773 1388 1667 1659 1122 1312 1753 1379 1616 1092 1119 1027 1740 1311 1389 1550 1618 1066 1534 1672 1462 1053 1094 1858 1846 1575 1303 1018 1486 1804 1977 1035 1291 1879 1828 1482 1535 1504 1968 1340 1311 1778 1518 1658 BCNSPRNW ULIB Ver.6.0+V

เปลี่ยนเป็นภาษาไทย

Change to English
 แสดงรายละเอียดบรรณานุกรม
  กลับหน้าหลัก

Brief Record : Get Marc (ISO 2709) : E-mail record : QR code < ปิดหน้าต่าง
LEADER : 00000nam 2200000uu 4500
001    13399124209
003     ULIB
008    150127s2556||||th 000 0 tha d
020    ^a9789746727822
060  4 ^aQS4^bผ381ก
100    ^aผาสุก มหรรฆานุเคราะห์
245    ^aกายวิภาคศาสตร์และนิติมานุษยวิทยาของกระดูกมนุษย์./^cผาสุก มหรรฆานุเคราะห์ ; บรรณาธิการ
250    ^aพิมพ์ครั้งที่ 2
260    ^aเชียงใหม่ :^bคณะแพทยศาสตร์ มหาวิทยาลัยเชียงใหม่,^c2556
300    ^a220 หน้า
650    ^aกายวิภาคศาสตร์^xกระดูก
710 1  ^aมหาวิทยาลัยเชียงใหม่.^bคณะแพทยศาสตร์.
945    ^p400^l0^i039005
945    ^p400^l0^i039006
999    ^aเกษร โพธิ์สุวรรณ
รายการนี้ยังไม่มีแท็ก
คุณยังไม่ได้ล็อกอิน คุณสามารถมีกิจกรรมร่วมกับเว็บไซต์ได้ แต่ต้องล็อกอินก่อน ::
  ล็อกอิน

รายการสื่อสารสนเทศ

ลำดับที่ ประเภท เลขเรียก/บาร์โค้ด สถานที่ สถานะ
1. วิทยาศาสตร์การแพทย์ และสุขภาพ
หนังสือสำรอง
สถานะ=หนังสือสำรอง
QS4 ผ381ก ฉ.1 
  Barcode: 039005
ห้องสมุดวิทยาเขตสวรรค์ประชารักษ์
►ส่วนจัดเก็บหนังสือเก่า สปร
บนชั้น
  ขอยืม
2. วิทยาศาสตร์การแพทย์ และสุขภาพ
วิทยาศาสตร์การแพทย์ และสุขภาพ
QS4 ผ381ก ฉ.2 
  Barcode: 039006
ห้องสมุดวิทยาเขตสวรรค์ประชารักษ์
►ส่วนจัดเก็บหนังสือเก่า สปร
บนชั้น
  ขอยืม

รายการใกล้เคียง
    ผู้แต่ง [ผาสุก มหรรฆานุเคราะห์]

BibComment


ยังไม่เคยถูกคอมเมนท์

คอมเมนท์ทรัพยากรรายการนี้
  คอมเมนท์: กายวิภาคศาสตร์แล..


 Copyright 2026. Bcnsprnw @Library